| 000 | 00726nam a2200265Ia 4500 | ||
|---|---|---|---|
| 008 | 171120s9999 xx 000 0 und d | ||
| 020 | _a9712717712 | ||
| 050 | _a621 | ||
| 050 | _bV433 2009 | ||
| 100 | _aVelasco, Geronimo Z. | ||
| 245 | _aTrailblazing : | ||
| 245 | _bthe quest for energy self-reliance / | ||
| 245 | _cby Geronimo Z. Velasco ; edited by Maricris R. Valte. | ||
| 260 | _aPhilippines : | ||
| 260 | _bAnvil, | ||
| 260 | _c2006 | ||
| 300 | _a209 pages : | ||
| 300 | _billustrations ; | ||
| 650 | _aApplied physics -- | ||
| 650 | _aPhilippine National Oil Company. | ||
| 650 | _aPower resources -- | ||
| 650 | _xPhilippines. | ||
| 650 | _xPower (Mechanics). | ||
| 700 | _aValte, Maricris R. | ||
| 999 |
_c345291 _d345291 |
||